000 01084nas a2200349 4500
001 BR2014007786
003 BR-BrBNA
005 20231205124840.0
007 ta
008 230509b bl.|||p| |||| 00| 00por d
040 _aBR-BrBNA
_bpor
_cBiblioteca Nacional de Agricultura
041 _a(Pt)
072 _aF04
100 1 _aLemes, V.R.
100 1 _aKussumi, T.A.
100 1 _aNakano, V.E.
100 1 _aRocha, S.B.
100 1 _aOliveira, M.C.C. de
100 1 _aRodrigues, M.P.
100 1 _aRibeiro, J.I.A.
245 1 _aAvaliação de resíduos de agrotóxicos em arroz e feijão e sua contribuição para prevenção de riscos à saúde da população consumidora
650 _aARROZ
650 _aFEIJÃO
650 _aRESÍDUO QUÍMICO
650 _aSAÚDE PÚBLICA
650 _aCONSUMIDOR
650 _aCROMATOGRAFIA GASOSA
650 _aPROFILAXIA
773 0 _tRevista do Instituto Adolfo Lutz (Brazil)
_xISSN 0073-9855
_g(Apr-Jun 2011), v. 70(2) p. 113-121
_wBR2014007786
909 _a202311
_bLúcia
_c55
_dLúcia Elande
942 _2AGRIS
_n0
_cANA
999 _c241225
_d241225